Progresívne prístupy a metódy zvyšovania efektívnosti a výkonnosti organizácií zborník z medzinárodnej odbornej konferencie : (Hotel BOBOTY, Vrátna dolina, Slovensko 19.-20.10.2017)
| Corporate Author: | |
|---|---|
| Other Authors: | , , |
| Format: | Conference Proceeding Software eBook |
| Language: | Slovak Czech English |
| PhysicalDescription: | 1 CD-ROM farebný 12 cm |
| Published: |
[Košice]
SAPRIA
2017
|
| ISBN: | 9788097284701 |
| Subjects: |
MARC
| LEADER | 00000nam a2200000 4500 | ||
|---|---|---|---|
| 001 | vtls011756473 | ||
| 003 | SK-MaSNL | ||
| 005 | 20260301183209.0 | ||
| 007 | co cg auuua | ||
| 008 | 180516s2017 xo | fq 100 0 slo | ||
| 015 | |a SNBS2019 | ||
| 020 | |a 9788097284701 |q (elektronická kniha) | ||
| 040 | |a SNK |b slo |c SNK |e rda | ||
| 041 | 0 | |a slo |a cze |a eng | |
| 044 | |a xo |c SK | ||
| 072 | 7 | |a 005 |x Manažment. Riadenie |2 konspekt | |
| 080 | |a 005 |2 2011 | ||
| 080 | |a 061 |2 2011 | ||
| 080 | |a 334.72 |2 2011 | ||
| 080 | |a 005.5 |2 2011 | ||
| 080 | |a 005.332.1 |2 2011 | ||
| 080 | |a 005.342 |2 2011 | ||
| 080 | |a 004 |2 2011 | ||
| 080 | |a (062.534) |2 2011 | ||
| 080 | |a (0.034.44) |2 2011 | ||
| 111 | 2 | |a Progresívne prístupy a metódy zvyšovania efektívnosti a výkonnosti organizácií |n (2. : |d 2017 : |c Vrátna dolina, Slovensko) |9 558135 | |
| 245 | 1 | 0 | |a Progresívne prístupy a metódy zvyšovania efektívnosti a výkonnosti organizácií |b zborník z medzinárodnej odbornej konferencie : (Hotel BOBOTY, Vrátna dolina, Slovensko 19.-20.10.2017) |c Peter Balco, Martina Drahošová, Ján Sabol (eds.) |
| 264 | 1 | |a [Košice] |b SAPRIA |c 2017 | |
| 300 | |a 1 CD-ROM |b farebný |c 12 cm | ||
| 336 | |a text |b txt |2 rdacontent | ||
| 337 | |a počítač |b c |2 rdamedia | ||
| 338 | |a počítačový disk |b cd |2 rdacarrier | ||
| 347 | |a textový súbor |b PDF |c 2 rda | ||
| 500 | |a Miesto vydania podľa NA ISBN | ||
| 500 | |a Názov z titulnej obrazovky | ||
| 504 | |a Obsahuje bibliografické odkazy | ||
| 546 | |a Text čiastočne aj anglicky a česky | ||
| 650 | 0 | 7 | |a inštitúcie a organizácie |2 SNKPH |9 66282 |
| 650 | 0 | 7 | |a podniky |2 SNKPH |9 923 |
| 650 | 0 | 7 | |a výkonnosť podniku |2 SNKPH |9 68615 |
| 650 | 0 | 7 | |a manažment |2 SNKPH |9 922 |
| 650 | 0 | 7 | |a manažment procesov |2 SNKPH |9 79020 |
| 650 | 0 | 7 | |a inovácie |2 SNKPH |9 2291 |
| 650 | 0 | 7 | |a informačné technológie |2 SNKPH |9 1527 |
| 650 | 0 | 7 | |a Institutions and organizations |2 SNKPHeng |9 265182 |
| 650 | 0 | 7 | |a Process management |2 SNKPHeng |9 316258 |
| 650 | 0 | 7 | |a Industrial productivity |2 SNKPHeng |9 117818 |
| 650 | 0 | 7 | |a Management |2 SNKPHeng |9 265406 |
| 650 | 0 | 7 | |a Business enterprises |2 SNKPHeng |9 265529 |
| 650 | 0 | 7 | |a Innovations |2 SNKPHeng |9 74114 |
| 650 | 0 | 7 | |a Information technology |2 SNKPHeng |9 266458 |
| 655 | 7 | |a CD-ROM |2 SNKPH |9 70236 | |
| 655 | 7 | |a zborníky konferencií |2 SNKPH |9 70153 | |
| 655 | 7 | |a Proceedings of conferences |2 SNKPHeng |9 265791 | |
| 700 | 1 | |a Balco, Peter |4 com |9 481810 | |
| 700 | 1 | |a Drahošová, Martina |4 com |9 558136 | |
| 700 | 1 | |a Sabol, Ján, |c RNDr. |4 edt |9 554637 | |
| 919 | |a 978-80-972847-0-1 | ||
| 958 | |a NB | ||
| 999 | |c 856136 |d 858066 | ||
| 952 | |a SNK |b SNK |y PREZ |7 0 |p 17A1330377 |o snkSCDM 9896 |i snk2018/10549 |8 0 |0 0 |1 0 |4 0 |d 2018-05-16 |l 0 |r 2026-02-24 04:56:40 |w 2026-02-24 | ||


